000 00542pab a2200193 454500
008 180718b2007 xxu||||| |||| 00| 0 eng d
100 _aVivek Kumar
245 _aBehind the BSP victory
260 _c2007
300 _ap.2237-239.
362 _a16 Jun
650 _aElections - India - Uttar Pradesh
650 _aUttat Pradesh. Legislative Assembly - Elections
650 _aUttar Pradesh - Politics and government
650 _aPolitics and government
773 _aEconomic and Political Weekly
908 _aN
909 _a77115
999 _c77115
_d77115